ბათუმის შოთა რუსთაველის სახელმწიფო უნივერსიტეტის ბიბლიოთეკა

ენისა და პოეტიკის საკითხები : (ბიბ.ჩანაწერი № 52682)

000 -ლიდერი
ფიქსირებული სიგრძის საკონტროლო ველი 01212nam a2200241Ia 4500
001 - საკონტროლო ნომერი
საკონტროლო ველი 19706
003 - საკონტროლო ნომრის იდენტიფიკატორი
საკონტროლო ველი GE_BSU
005 - ბოლო ოპერაციის თარიღი და დრო
საკონტროლო ველი 20200330202429.0
008 - ფიქსირებული სიგრძის მონაცემთა ელემენტები - ზოგადი ინფორმაცია
ფიქსირებული სიგრძის საკონტროლო ველი 181216s1970||||ge |||||||||||||| ||geo||
040 ## - კატალოგიზაციის წყარო
Transcribing agency GE_BSU
041 ## - ენის კოდი
Language code of text/sound track or separate title geo
080 ## - უნივერსალური ათობითი კლასიფიკაციის ინდექსი
Universal Decimal Classification number 811.353.1+ 821.353.1.09 ღ-73
100 ## - მთავარი ჩანაწერი - პიროვნების სახელი
Personal name ღლონტი, შალვა
9 (RLIN) 7834
245 ## - ცნობა სათაურის შესახებ
Title ენისა და პოეტიკის საკითხები :
Remainder of title [ნ. ბარათაშვილის, მ. ჯავახიშვილის და ი. გოგებაშვილის მაგალითზე] /
Statement of responsibility, etc შალვა ღლონტი ; რედ. ა ჟორდანია.
264 ## - წარმოების, გამოცემის, დისტრიბუციის და სხვა ცნობები
გამოცემის, წარმოების, დისტრიბუციის... ადგილი თბილისი :
გამოცემის, წარმოების, დისტრიბუციის... სახელწოდება განათლება,
გამოცემის, წარმოების, დისტრიბუციის... თარიღი 1970.
300 ## - ფიზიკური აღწერა
Extent 151გვ. ;
Dimensions 20 სმ
653 ## - INDEX TERM--UNCONTROLLED
Uncontrolled term ენისა და პოეტიკის საკითხები
653 ## - INDEX TERM--UNCONTROLLED
Uncontrolled term ქართული ლიტერატურის ისტორია და კრიტიკა
653 ## - INDEX TERM--UNCONTROLLED
Uncontrolled term ქართული სალიტერატურო ენა
700 ## - ADDED ENTRY--PERSONAL NAME
Personal name ჟორდანია, ა.
Relator term რედაქტორი
9 (RLIN) 4681
942 ## - ADDED ENTRY ELEMENTS (KOHA)
Koha item type წიგნი
Source of classification or shelving scheme
ეგზემპლარები
ჩამოწერის სტატუსი დაკარგული ეგზემპლარის სტატუსი კლასიფიკაციის წყარო ან თაროზე გაწყობის სქემა დაზიანების სტატუსი არ გაიცემა მუდმივი მდებარეობა (დაცვის ადგილი) ამჟამინდელი ადგილსამყოფელი თაროზე განთავსების ადგილი შეძენის თარიღი ღირებულება, შესყიდვის ნორმალური ფასი სრული შენახვის შიფრი შტრიხკოდი ბოლო ოპერაციის თარიღი ეგზემპლარის მიმდევრობითი ნომერი (კეტერი?) ფასის ძალაში შესვლის თარიღი ეგზემპლარის სახეობა საჯარო შენიშვნა
          ბათუმის შოთა რუსთაველის სახელმწიფო უნივერსიტეტის მთავარი ბიბლიოთეკა ბათუმის შოთა რუსთაველის სახელმწიფო უნივერსიტეტის მთავარი ბიბლიოთეკა წიგნსაცავი 2018-12-17 0.48 811.353.1+ 821.353.1.09 ღ-73 51990 2018-12-17 51990 2018-12-17 წიგნი 0.48 ლ.
          ბათუმის შოთა რუსთაველის სახელმწიფო უნივერსიტეტის მთავარი ბიბლიოთეკა ბათუმის შოთა რუსთაველის სახელმწიფო უნივერსიტეტის მთავარი ბიბლიოთეკა წიგნსაცავი 2018-12-17 0.48 811.353.1+ 821.353.1.09 ღ-73 51991 2018-12-17 51991 2018-12-17 წიგნი 0.48 ლ.